Sort into groups without any hints - Statistics

General Stats
  • This quiz has been taken 1,112 times
  • The average score is 64 of 100
Answer Stats
Question Tile Select % Correct
Pick 6 countries belonging to the same group Cuba No
93%
Pick 6 countries belonging to the same group Italy No
91%
Pick 6 countries belonging to the same group Canada No
90%
Pick 6 countries belonging to the same group USA No
90%
Pick 5 countries belonging to the same group Cuba No
85%
Pick 3 countries belonging to the same group Mozambique No
82%
Pick 6 countries belonging to the same group Vietnam No
82%
Pick 3 countries belonging to the same group Angola No
81%
Pick 3 countries belonging to the same group Guinea-Bissau No
81%
Pick 6 countries belonging to the same group South Korea No
81%
Pick 3 countries belonging to the same group South Korea No
81%
Pick 3 countries belonging to the same group Uzbekistan No
81%
Pick 3 countries belonging to the same group Brazil No
80%
Pick 6 countries belonging to the same group Liechtenstein No
80%
Pick 2 countries belonging to the same group Angola No
79%
Pick 2 countries belonging to the same group Guinea-Bissau No
79%
Pick 3 countries belonging to the same group Laos No
79%
Pick 3 countries belonging to the same group Russia No
79%
Pick 6 countries belonging to the same group San Marino No
79%
Pick 6 countries belonging to the same group Vatican City No
79%
Pick 3 countries belonging to the same group Vietnam No
79%
Pick 5 countries belonging to the same group Angola No
78%
Pick 3 countries belonging to the same group China No
78%
Pick 2 countries belonging to the same group China No
78%
Pick 5 countries belonging to the same group Guinea-Bissau No
78%
Pick 2 countries belonging to the same group Lesotho No
78%
Pick 2 countries belonging to the same group Mozambique No
78%
Pick 2 countries belonging to the same group South Korea No
78%
Pick 5 countries belonging to the same group Cape Verde No
77%
Pick 4 countries belonging to the same group Guinea-Bissau No
77%
Pick 2 countries belonging to the same group Laos No
77%
Pick 5 countries belonging to the same group Mozambique No
77%
Pick 6 countries belonging to the same group Russia No
77%
Pick 5 countries belonging to the same group Sao Tome and Principe No
77%
Pick 6 countries belonging to the same group Uzbekistan No
77%
Pick 4 countries belonging to the same group Angola No
76%
Pick 6 countries belonging to the same group China No
76%
Pick 3 countries belonging to the same group Italy No
76%
Pick 2 countries belonging to the same group Italy No
76%
Pick 6 countries belonging to the same group Laos No
76%
Pick 5 countries belonging to the same group Lesotho No
76%
Pick 4 countries belonging to the same group Mozambique No
76%
Pick 4 countries belonging to the same group Sao Tome and Principe No
76%
Pick 2 countries belonging to the same group Vietnam No
76%
Pick 5 countries belonging to the same group Brazil No
75%
Pick 2 countries belonging to the same group Cuba No
75%
Pick 4 countries belonging to the same group Cape Verde No
74%
Pick 4 countries belonging to the same group Uzbekistan No
74%
Pick 2 countries belonging to the same group Brazil No
73%
Pick 2 countries belonging to the same group Cape Verde No
73%
Pick 4 countries belonging to the same group Lesotho No
73%
Pick 2 countries belonging to the same group Russia No
73%
Pick 2 countries belonging to the same group Canada No
72%
Pick 3 countries belonging to the same group Cape Verde No
71%
Pick 3 countries belonging to the same group Liechtenstein No
71%
Pick 4 countries belonging to the same group Russia No
71%
Pick 3 countries belonging to the same group Sao Tome and Principe No
71%
Pick 2 countries belonging to the same group Sao Tome and Principe No
71%
Pick 4 countries belonging to the same group South Korea No
71%
Pick 5 countries belonging to the same group Liechtenstein No
70%
Pick 2 countries belonging to the same group USA No
70%
Pick 5 countries belonging to the same group San Marino No
69%
Pick 5 countries belonging to the same group Vatican City No
69%
Pick 4 countries belonging to the same group USA No
67%
Pick 4 countries belonging to the same group Brazil No
66%
Pick 4 countries belonging to the same group Canada No
65%
Pick 2 countries belonging to the same group San Marino No
65%
Pick 4 countries belonging to the same group Italy No
64%
Pick 2 countries belonging to the same group Vatican City No
62%
Pick 4 countries belonging to the same group Liechtenstein No
61%
Pick 5 countries belonging to the same group Uzbekistan No
61%
Pick 3 countries belonging to the same group Canada No
60%
Pick 5 countries belonging to the same group Laos No
59%
Pick 4 countries belonging to the same group San Marino No
59%
Pick 4 countries belonging to the same group Vatican City No
59%
Pick 5 countries belonging to the same group Vietnam No
59%
Pick 6 countries belonging to the same group Sao Tome and Principe Yes
58%
Pick 3 countries belonging to the same group USA No
58%
Pick 6 countries belonging to the same group Cape Verde Yes
57%
Pick 6 countries belonging to the same group Guinea-Bissau Yes
57%
Pick 6 countries belonging to the same group Angola Yes
53%
Pick 6 countries belonging to the same group Mozambique Yes
53%
Pick 3 countries belonging to the same group Cuba No
49%
Pick 5 countries belonging to the same group China No
48%
Pick 6 countries belonging to the same group Lesotho No
39%
Pick 5 countries belonging to the same group Russia Yes
34%
Pick 5 countries belonging to the same group South Korea Yes
31%
Pick 3 countries belonging to the same group Vatican City Yes
25%
Pick 3 countries belonging to the same group San Marino Yes
24%
Pick 4 countries belonging to the same group China Yes
21%
Pick 4 countries belonging to the same group Cuba Yes
21%
Pick 5 countries belonging to the same group Italy Yes
17%
Pick 4 countries belonging to the same group Laos Yes
16%
Pick 5 countries belonging to the same group Canada Yes
15%
Pick 5 countries belonging to the same group USA Yes
15%
Pick 4 countries belonging to the same group Vietnam Yes
15%
Pick 6 countries belonging to the same group Brazil Yes
13%
Pick 3 countries belonging to the same group Lesotho Yes
11%
Pick 2 countries belonging to the same group Liechtenstein Yes
9%
Pick 2 countries belonging to the same group Uzbekistan Yes
9%
No matching quizzes found
Score Distribution
Percent of People with Each Score
Percentile by Number Answered
Your Score History
You have not taken this quiz